| 000 | 00795nam a2200301Ia 4500 | ||
|---|---|---|---|
| 001 | A2149 | ||
| 003 | IT-RoPAU | ||
| 008 | 130308s9999 xx 000 0 und d | ||
| 040 | _aIT-RoPAU | ||
| 040 | _cIT-RoPAU | ||
| 041 | _aFRANCESE | ||
| 100 | _aCarrez Claude | ||
| 100 | _gCodice Aut. SPICS: 6740 | ||
| 245 | _aDevenir des enfants de l'image (Le) | ||
| 245 | _bEnfant Dans L'Image (L') | ||
| 250 | _a1a ed. | ||
| 260 | _aPARIS | ||
| 260 | _bRetz | ||
| 260 | _c1987 [1° Ed.:1987 - Ed.Ling.Originale:1987] | ||
| 300 | _a"5 p. (prefazione: no ; testo: 5 [pagine: 91-95])" | ||
| 500 | _aFuturo dei Bambini Attori. | ||
| 650 | _aSOCIOLOGIA DELLA COMUNICAZIONE SOCIALE | ||
| 650 | _eCodice materia Spics: 3806 | ||
| 942 | _cBK | ||
| 957 | _71 | ||
| 999 |
_c44275 _d44275 |
||
| 999 | _bSI | ||
| 999 | _g1 | ||